00626 2200217 4500001002100000005001700021008004100038020002200079035002400101040001200125082001100137084002100148100001900169245006200188260003600250300003400286500003000320650002400350850001200374990002200386INLIS00000000002615220170313100524.0  a978-602-6435-12-5 0010-031700000000262 aYOPDYOG a371.27 aDEP 371.27 Und P aUNDANG ROSIDIN aPenilaian otentik (Authentic Assesment)c/ Undang Rosidin aYogyakartabMedia Akademic2016 ax, 102 hlm.b: ilus.c; 25 cm aBibliografi : hlm. 99-100 aPendidikan-Evaluasi aYOPDYOG aCB-D.11/2016-1655